Úvaha nad štvrťstoročím pôsobenia časopisu

Bibliographic Details
Main Author: Kovačevičová, Soňa, 1921-2009 (Author)
Format: Article
Language:Slovak
PhysicalDescription:Obr. 5.
Subjects:

MARC

LEADER 00000nab a2200000 a 4500
001 vtls000302706
003 SK-MaSNL
005 20260302214941.0
008 111201c1988 xo 0 slo
015 |a SNBRB19rr/mm-uuuuu 
035 |a CL0312825 
040 |a SNKBUCL  |b slo  |c SNKBUCL  |e AACR2 
041 0 |a slo 
044 |a xo  |c SK 
080 |a 070.48:7  |2 1981 
080 |a 7  |2 1981 
080 |a 070.48  |2 1981 
100 1 |a Kovačevičová, Soňa,  |d 1921-2009  |4 aut  |9 132176 
245 1 0 |a Úvaha nad štvrťstoročím pôsobenia časopisu  |c Soňa Kovačevičová 
300 |b Obr. 5. 
650 0 7 |a Výtvarníctvo fotografia film (časopis)  |2 snkbucl  |9 942848 
655 7 |a články z novín a časopisov  |2 snkbucl  |9 267496 
773 0 |t Výtvarníctvo fotografia film  |g Roč. 26, č. 1 (1988), s. 2-5 
850 |a Slovenská národná knižnica v Martine  |a MTA001 
852 |a SNK  |b KIS3GCP 
958 |a RK 
992 |a RBX 
999 |c 1500259  |d 1502189